000 01124nam a22003497a 4500
003 CHAP
005 20220329135930.0
008 971013s1986 r 00010 d
010 _a44289
011 _a45261
035 _a49400
040 _cCHAP
082 _a595.7
_bT3
100 0 0 _aTauber, Maurice J.
_9111749
245 _aSeasonal adaptations of insects
260 _aNew York :
_bOxford University Press,
_c1986
300 _a411 p.
_b: gráfs.
590 _aBATCH-UPD
_b10
_c20130109
_lUCH01
_h2342
590 _aBATCH-UPD
_b10
_c20130110
_lUCH01
_h1206
590 _aBATCH-UPD
_b10
_c20130409
_lUCH01
_h1912
590 _aBATCH-UPD
_b10
_c20130410
_lUCH01
_h0747
590 _aBATCH-UPD
_b10
_c20130913
_lUCH01
_h1931
590 _aCONVERSION
_b10
_c20130109
_lUCH01
_h1324
650 1 4 _aAdaptación (Biología)
_9879
650 1 4 _aInsectos y tiempo atmosférico.
_958963
650 1 4 _aLetargo en animales.
_966365
700 0 _aMasaki, Sinzo.
_972750
700 0 _aTauber, Catherine A.
_9111745
901 _aBK
942 _cLIBRO
949 _a595.7 T3
_bBC
_cLIBRO
_d33724000365797
_eLIBRO
_gI.134830
_h69575
_i49400
_si
999 _c44289
_d44289